Вып. 2; По Советскому Союзу. Зарубежные авторы; Сибирь-Эпопея века; Сибирский вызов

Dades bibliogràfiques
Parent link:По Советскому Союзу. Зарубежные авторы: сборник. Вып. 2.— , 1979-1987
Idioma:rus
Publicat: 1980
TOC:В. Сансоне, Сибирь-Эпопея века;
Л. Макс, Сибирский вызов;
Matèries:
Format: Llibre
KOHA link:https://koha.lib.tpu.ru/cgi-bin/koha/opac-detail.pl?biblionumber=346808

MARC

LEADER 00000nam2a2200000 4500
001 346808
005 20231102005928.0
020 |a RU  |b 80-61322 
035 |a (RuTPU)RU\TPU\book\378693 
035 |a RU\TPU\book\347293 
090 |a 346808 
100 |a 20211118g1980 km y0rusy5003 ca 
101 1 |a rus  |c ita  |c fre 
102 |a RU 
105 |a a z 000zy 
200 0 |a Вып. 2  |f предисл. В. Поволяев 
210 |d 1980 
215 |a 253 с.  |c ил. 
461 1 |0 (RuTPU)RU\TPU\book\139834  |t По Советскому Союзу. Зарубежные авторы  |o сборник  |v Вып. 2  |d 1979-1987  |s Свидетельства об СССР 
464 |t Сибирь-Эпопея века  |o пер. с итал.  |f В. Сансоне 
464 |t Сибирский вызов  |o пер. с фр.  |f Л. Макс 
606 1 |a Коммунистическое строительство  |x в СССР  |2 stltpush  |3 (RuTPU)RU\TPU\subj\14941  |9 41261 
610 1 |a Отзывы иностранцев 
610 1 |a Сибирь 
610 1 |a путевые заметки 
610 1 |a путевые очерки 
610 1 |a русские 
610 1 |a народы Сибири 
610 1 |a экономическое развитие 
610 1 |a промышленность 
610 1 |a культура 
610 1 |a образование 
610 1 |a БАМ 
610 1 |a Транссиб 
610 1 |a Байкало-Амурская магистраль 
610 1 |a Сахалин 
686 |a У9(2)0  |2 rubbk 
801 0 |a RU  |b RuMRKP  |c 19950704  |g psbo 
801 1 |a RU  |b 63413507  |c 20160905 
801 2 |a RU  |b 63413507  |c 20211118  |g RCR 
942 |c BK